Ein frühgeschichtliches Gräberfeld bei Abusir /

محفوظ في:

المؤلف الرئيسي: Bonnet, Hans, 1887- (مؤلف)

التنسيق: كتاب

اللغة: German

منشور في: Leipzig : J. C. Hinrichs, 1928.

سلاسل: Veroffentlichungen der Ernst von Sieglin-Expedition in Agypten ; 4.
VESA ; 4.

الموضوعات:

الوسوم: إضافة وسم

لا توجد وسوم, كن أول من يضع وسما على هذه التسجيلة!

رقم الطلب: DT57 .S57 v.4x

LEADER 00815namaa2200277 4500
001 24134
003 OSt
005 20250612093720.0
008 130303s1928 gw aef g 000 0 ger d
010 |a 28027697 
040 |c ARCE Library 
043 |a f-ua--- 
050 4 |a DT57 .S57 v.4x 
100 1 |a Bonnet, Hans,  |d 1887-  |e author 
245 1 4 |a Ein frühgeschichtliches Gräberfeld bei Abusir /   |c von Hans Bonnet. 
264 1 |a Leipzig :   |b  J. C. Hinrichs,   |c 1928. 
300 |a 60 pages :   |b 38 plates ;   |c 28 cm. 
490 0 |a Veroffentlichungen der Ernst von Sieglin-Expedition in Agypten ;   |v 4. 
490 0 |a VESA ;   |v 4. 
500 |a OCLC 15927610 
650 0 |a Tombs  |z Egypt. 
650 0 |a Pottery  |z Egypt. 
651 0 |a Abusir Site (Jīzah, Egypt). 
901 |a reviewed 
942 |c BK  |2 lcc 
999 |c 27834  |d 27834